Statistics for NBA trivia

Click here to take the quiz!

General Stats

  • This quiz has been taken 32 times
    (28 since last reset)
  • The average score is 4 of 13

Answer Stats

question Answer % Correct
what pick is michael jordan3
92%
what year did the NBA was found1946
75%
kobe brayants middle namebean
67%
player with the most rebounds in one gamewilt chamberlain
67%
who holds the most assist in a gamescott skiles
50%
ray allen first namewalter
25%
the celtics and ______ are the only two teams that didnt movedknicks
25%
what team drafted chris webberorlando magic
8%
pau gasol went to what schoolmedical school
4%
what NBA player acts in the Nutcrackervladimir radmanovic
0%
who is the first player to scored 2000 points in one seasongeorge yardley
0%
what player didnt win ROY but still is in a all star game as a rookiedikembe mutombo
0%
what player was known as pink panthertoni kukoc
0%

Score Distribution

Percentile by Number Answered

Percent of People with Each Score

Your Score History

You have not taken this quiz since the last reset